000
00323nam a2200133Ia 4500
100
_a
Osborne/Adme
942
_c
BK
654
_a
Microcomputers
245
_a
Introduction To Microcomputers The Beginner''''s Book
260
_b
McGraw Hill
_a
Cailfornia
_c
1982
082
_a
621.3
_b
Osb
300
_a
233
546
_a
ENGLISH
999
_c
27955
_d
27955